01309nam a2200373 a 450000100060000000300080000600500170001400600190003100700150005000800410006502000180010603500230012403500240014703500250017103500210019604000260021705000220024308000100026508200150027510000300029024501160032025000120043626000390044830000110048749000540049850000670055253301640061965000130078365000140079665500270081071000190083785600620085699900170091837389FlNmELB20241216221509.0m o d | cr cn|||||||||201208r2010 ck |||||s|||||||||||spa d z9789586486323 a(MiAaPQ)EBC3200752 a(Au-PeEL)EBL3200752 a(CaPaEBR)ebr10584037 a(OCoLC)929368471 aFlNmELBbspacFlNmELB 4aHF5341bM798 2010 a658.704a658.722221 aMontoya Palacio, Alberto.10aAdministración de comprash[recurso electronico] :bquien compra bien, vende bien /cAlberto Montoya Palacio. a3a. ed. aBogotá :bEcoe Ediciones,c2010. a201 p.0 aCiencias administrativas. Área administración aIncluye glosario de términos comerciales al final del texto. aRecurso electrónico. Santa Fe, Arg.: e-libro, 2015. Disponible vía World Wide Web. El acceso puede estar limitado para las bibliotecas afiliadas a e-libro. 4aCompras. 4aShopping. 4aLibros electrónicos.2 ae-libro, Corp.40uhttps://elibro.net/ereader/politecnicointernacional/69110 c37389d37389